Foundational Python for Data Science (Record no. 13288)

MARC details
000 -LEADER
fixed length control field 00405nam a22001697a 4500
003 - CONTROL NUMBER IDENTIFIER
control field OSt
008 - FIXED-LENGTH DATA ELEMENTS--GENERAL INFORMATION
fixed length control field 250415b |||||||| |||| 00| 0 eng d
020 ## - INTERNATIONAL STANDARD BOOK NUMBER
International Standard Book Number 9788119847327
082 ## - DEWEY DECIMAL CLASSIFICATION NUMBER
Classification number 005.133 BEF
100 ## - MAIN ENTRY--PERSONAL NAME
Personal name BEHRMAN,Kennedy
245 ## - TITLE STATEMENT
Title Foundational Python for Data Science
250 ## - EDITION STATEMENT
Edition statement 2nd IMP
260 ## - PUBLICATION, DISTRIBUTION, ETC. (IMPRINT)
Place of publication, distribution, etc New Delhi
Name of publisher, distributor, etc Pearson
Date of publication, distribution, etc 2025
300 ## - PHYSICAL DESCRIPTION
Extent 231
650 ## - SUBJECT ADDED ENTRY--TOPICAL TERM
Topical term or geographic name as entry element Data Science
942 ## - ADDED ENTRY ELEMENTS (KOHA)
Source of classification or shelving scheme Dewey Decimal Classification
Koha item type Text Books
Holdings
Withdrawn status Lost status Source of classification or shelving scheme Damaged status Not for loan Collection code Home library Current library Date acquired Source of acquisition Currency Cost, normal purchase price Bill Number Total Checkouts Full call number Acc. no. / Barcode Date last seen Actual Cost, discounted price Bill Date Koha item type
    Dewey Decimal Classification     B.Tech(IT) PIET C-LIBRARY PIET C-LIBRARY 04/04/2025 Zaffa Books INR 450.00 ZBD0012   005.133 BEF 39088 15/04/2025 306.00 04/04/2025 Reference Books
    Dewey Decimal Classification     B.Tech(IT) PIET C-LIBRARY PIET C-LIBRARY 04/04/2025 Zaffa Books INR 450.00 ZBD0012   005.133 BEF 39089 15/04/2025 306.00 04/04/2025 Text Books
    Dewey Decimal Classification     B.Tech(IT) PIET C-LIBRARY PIET C-LIBRARY 04/04/2025 Zaffa Books INR 450.00 ZBD0012   005.133 BEF 39090 15/04/2025 306.00 04/04/2025 Text Books
    Dewey Decimal Classification     B.Tech(IT) PIET C-LIBRARY PIET C-LIBRARY 04/04/2025 Zaffa Books INR 450.00 ZBD0012   005.133 BEF 39091 15/04/2025 306.00 04/04/2025 Text Books
    Dewey Decimal Classification     B.Tech(IT) PIET C-LIBRARY PIET C-LIBRARY 04/04/2025 Zaffa Books INR 450.00 ZBD0012   005.133 BEF 39092 15/04/2025 306.00 04/04/2025 Text Books
    Dewey Decimal Classification     B.Tech(IT) PIET C-LIBRARY PIET C-LIBRARY 04/04/2025 Zaffa Books INR 450.00 ZBD0012   005.133 BEF 39093 15/04/2025 306.00 04/04/2025 Text Books
    Dewey Decimal Classification     B.Tech(IT) PIET C-LIBRARY PIET C-LIBRARY 04/04/2025 Zaffa Books INR 450.00 ZBD0012   005.133 BEF 39094 15/04/2025 306.00 04/04/2025 Text Books
    Dewey Decimal Classification     B.Tech(IT) PIET C-LIBRARY PIET C-LIBRARY 04/04/2025 Zaffa Books INR 450.00 ZBD0012   005.133 BEF 39095 15/04/2025 306.00 04/04/2025 Text Books
    Dewey Decimal Classification     B.Tech(IT) PIET C-LIBRARY PIET C-LIBRARY 04/04/2025 Zaffa Books INR 450.00 ZBD0012   005.133 BEF 39096 15/04/2025 306.00 04/04/2025 Text Books
    Dewey Decimal Classification     B.Tech(IT) PIET C-LIBRARY PIET C-LIBRARY 04/04/2025 Zaffa Books INR 450.00 ZBD0012   005.133 BEF 39097 15/04/2025 306.00 04/04/2025 Text Books

Design & Developed by: PIET Central Library
R70 Miles Stone Pattikalyana Samalkha Panipat 132102
mail ID :- [email protected], Phone No:- 0180-2569700 Ex.216